000 01294cam a22001814a 4500
005 20250605164358.0
008 250528s ||||||||||||||||||||||||d
035 _a24431
040 _aGR-AtMCL
_bgre
_dGR-AtMCL
_eAACR2
245 1 _aΑνοικτή Πρόσβαση στη Δημόσια και Επιστημονική Πληροφορία / Τα Συμπεράσματα του Διεθνούς Συνεδρίου του ΕΚΤ
260 _bΚαινοτομία Έρευνα Και Τεχνολογία,
_c2013
300 _a32
520 _aΒραβείο Καλύτερης Πρακτικής 2013 για το ΕΚΤ στο Συνέδριο του Enterprise Europe Network, Καλλιτεχνική Δημιουργία και Ψηφιακές Τεχνολογίες και Επιστημονική Γνώση στο Συνέδριο 'Creativity', Ολοκλήρωση Ευρωπαϊκού Έργου BlogForever για Διαφύλαξη και Αρχειοθέτηση Ιστολογίων, 'Η Ελλάδα Καινοτομεί': Τα Βραβεία του 2ου Διαγωνισμού Εφαρμοσμένης 'Έρευνας και Καινοτομίας'.
700 1 _aΣαχίνη Εύη
_99352
942 _cCR
999 _c9313
_d9313